00806cam a22003254i 4500003000900000005001700009008004100026035001900067040003300086082001900119110000900138245005000147264002500197300003800222336002100260337002500281338002300306505005500329526001000384526001000394526001000404526001000414526000800424526000800432526000800440526000800448526000800456526000800464526000800472PE-LiUPU20250731173229.0150625s1964 uy r 000 0 spa d a(Sirsi) a34454 aPE-LiUPUbspacPE-LiUPUerda04a261.1bI772212 aISAL10aResponsabilidad social del cristiano /cISAL. 1a[Montevideo],c1964. a140 páginas ;c22 centímetros atext2rdacontent aunmediated2rdamedia avolume2rdacarrier0 aBases biblicas y doctrinarias -- El cuadro social. aSEG42 aSEG41 aSEG40 aSEG39 aP94 aP87 aP86 aP85 aP77 aP76 aP35